[Event "Druzynowe Mistrzostwa Polski Juniorow - I Liga 2023"]
[Site "Lublin"]
[Date "1899-12-30"]
[Round "5.38"]
[White "Rajlich, Vaclav"]
[Black "Bartnik, Michal"]
[Result "1/2-1/2"]
[WhiteTitle "I"]
[BlackTitle "I"]
[WhiteElo "1572"]
[BlackElo "1580"]

1. e4 c5 2. Nf3 e6 3. d4 cxd4 4. Nxd4 Nf6 5. Nc3 Nc6 6. Be3 Bb4 7. Bd3 d5 8. Nxc6
bxc6 9. exd5 cxd5 10. Bb5+ Bd7 11. O-O Bxc3 12. Bxd7+ Qxd7 13. bxc3 O-O 14. Re1
Qc6 15. Bd4 Nd7 16. f4 f5 17. Re3 Nf6 18. Rh3 Rf7 19. Qe2 Re8 20. a4 Qc7 21. Be5
Qc5+ 22. Bd4 Qc7 23. Be5 Qb6+ 24. Bd4 Qd6 25. Be5 Qc6 26. a5 Ng4 27. Bd4 Rfe7
28. Rg3 Qd6 29. Rf1 Rf7 30. c4 Qb4 31. h3 Nf6 32. Bxf6 Rxf6 33. Qe5 Kf7 34. cxd5
Qc5+ 35. Kh2 exd5 36. Rxg7+ Kxg7 37. Qxe8 Qxa5 38. Re1 Qb4 39. Qe7+ Qxe7 40. Rxe7+
Rf7 41. Re5 Rc7 42. Rxf5 Rxc2 43. Rxd5 Ra2 44. Rd6 a5 45. Ra6 a4 46. Kg3 a3 47.
Kh4 Rxg2 48. Rxa3 Rf2 49. Kg4 Rg2+ 50. Rg3 Ra2 51. Kh5+ Kf6 52. Rg5 Rf2 1/2-1/2

[Event "Druzynowe Mistrzostwa Polski Juniorow - I Liga 2023"]
[Site "Lublin"]
[Date "1899-12-30"]
[Round "5.39"]
[White "Jaszczuk, Piotr"]
[Black "Kisiel, Dominik"]
[Result "1-0"]
[WhiteTitle "II"]
[BlackTitle "II"]
[WhiteElo "1619"]
[BlackElo "1343"]

1. e4 c5 2. Nf3 d6 3. d4 cxd4 4. Nxd4 Nf6 5. Nc3 a6 6. f3 e5 7. Nb3 Be6 8. Be3
Be7 9. Qd2 O-O 10. Be2 Nbd7 11. O-O-O b5 12. g4 Qc7 13. Kb1 Nc5 14. h4 Rfd8 15.
g5 Nh5 16. Rdg1 b4 17. Nd5 Bxd5 18. exd5 a5 19. f4 Ne4 20. Qd3 Nhg3 21. Rh3 a4
22. Nd2 Nxd2+ 23. Bxd2 Nxe2 24. Qxe2 b3 25. Rc3 Qb7 26. Qf3 Rdb8 27. Bc1 exf4
28. Rd1 bxa2+ 29. Kxa2 Ra5 30. Rdd3 f6 31. Qxf4 Rxd5 32. Qc4 fxg5 33. hxg5 Bxg5
34. Rxd5 Qf7 35. Rxg5 Rb4 36. Qxf7+ Kxf7 37. Rc7+ Ke6 38. Rgxg7 h5 39. Rh7 h4
40. Bg5 d5 41. Rxh4 Rb5 42. Rxa4 d4 43. Bd2 Rd5 44. Ra6+ Kf5 45. Ra5 1-0

[Event "Druzynowe Mistrzostwa Polski Juniorow - I Liga 2023"]
[Site "Lublin"]
[Date "1899-12-30"]
[Round "5.40"]
[White "Bombinski, Michal"]
[Black "Toczylowski, Mateusz"]
[Result "1-0"]
[WhiteTitle "II"]
[BlackTitle "II"]
[WhiteElo "1248"]
[BlackElo "1140"]

1. c4 e6 2. Nc3 d5 3. cxd5 exd5 4. d4 Nf6 5. Nf3 Be7 6. Bg5 O-O 7. e3 b6 8. Bxf6
Bxf6 9. b4 Bb7 10. Bd3 Be7 11. a3 Nd7 12. Qb3 Nf6 13. O-O c6 14. Rac1 Rc8 15.
Rc2 Re8 16. Rfc1 Bd6 17. Qa4 b5 18. Qb3 Ne4 19. Bxe4 dxe4 20. Nd2 Qh4 21. g3 Qg4
22. Kg2 Re6 23. h3 Qf5 24. g4 Qg6 25. Nxb5 a6 26. Nxd6 Rxd6 27. Nc4 Rf6 28. Ne5
Qg5 29. Rc5 Qh4 30. Qc2 h5 31. Rh1 Rh6 32. Qxe4 f6 33. Nf3 f5 34. Qxf5 Qe7 35.
Re5 Qd6 36. Ng5 Rf8 37. Qd3 hxg4 38. Qc4+ Kh8 39. Nf7+ Rxf7 40. Qxf7 c5+ 41. Qxb7
gxh3+ 42. Rxh3 Qg6+ 43. Rg3 1-0

[Event "Druzynowe Mistrzostwa Polski Juniorow - I Liga 2023"]
[Site "Lublin"]
[Date "1899-12-30"]
[Round "5.41"]
[White "Arciszewska, Zuzanna"]
[Black "Kicinska, Magdalena"]
[Result "0-1"]
[WhiteTitle "I++"]
[BlackTitle "I++"]
[WhiteElo "1726"]
[BlackElo "1562"]

1. d4 d5 2. c4 e6 3. Nc3 Nf6 4. Nf3 Be7 5. Bg5 Nbd7 6. e3 O-O 7. Bd3 c6 8. O-O
dxc4 9. Bxc4 Nd5 10. Bxe7 Qxe7 11. Rc1 Nxc3 12. Rxc3 e5 13. e4 exd4 14. Qxd4 c5
15. Qe3 b6 16. e5 h6 17. Re1 Re8 18. e6 fxe6 19. Bxe6+ Kh8 20. Qe4 Rb8 21. Qf4
Rf8 22. Qg3 Qf6 23. Rd3 Rb7 24. Bd5 Rb8 25. Be6 Rb7 26. Qh3 c4 27. Rd2 b5 28.
Ree2 Re8 29. Bd5 Ne5 30. Rxe5 Rbe7 31. Rxe7 Qxe7 32. Be6 Bxe6 33. Qg3 Bg4 34.
Rd1 Bxf3 35. gxf3 Qe5 36. Rd7 Qxg3+ 37. hxg3 Re2 38. Rxa7 Rxb2 39. Rb7 c3 40.
Kg2 c2 41. Rc7 Rxa2 42. f4 b4 0-1

[Event "Druzynowe Mistrzostwa Polski Juniorow - I Liga 2023"]
[Site "Lublin"]
[Date "1899-12-30"]
[Round "5.42"]
[White "Kicinska, Anna"]
[Black "Borowik, Monika"]
[Result "1-0"]
[WhiteTitle "I++"]
[BlackTitle "I"]
[WhiteElo "1424"]
[BlackElo "1408"]

1. d4 Nf6 2. Nf3 c5 3. c3 Qb6 4. Qb3 Qxb3 5. axb3 d6 6. Bg5 Ne4 7. Bh4 g6 8. Nbd2
Bf5 9. e3 Nd7 10. Bc4 Nxd2 11. Nxd2 cxd4 12. exd4 Bh6 13. Bd5 a5 14. Nc4 O-O 15.
Bxb7 Rab8 16. Nxa5 Bc2 17. b4 Nb6 18. O-O g5 19. Bg3 Bg7 20. Rfe1 Bf6 21. Bf3
Rfe8 22. Nc6 Rbc8 23. Ra7 e5 24. dxe5 dxe5 25. Rb7 e4 26. Bh5 Rxc6 27. Bxf7+ Kf8
28. Bxe8 Kxe8 29. Ra1 Be7 30. Ra6 Bd8 31. Rxh7 Bf6 32. Rb7 Bd8 33. Be5 Re6 34.
Bd4 Rd6 35. Raxb6 Bxb6 36. Rxb6 Rd8 37. Rb7 Rd6 38. Ra7 Bb3 39. Kf1 Bc4+ 40. Ke1
Rh6 41. Be5 Rh5 42. Ra8+ Ke7 43. Rh8 Rxh8 44. Bxh8 Ke6 45. Kd2 Kf5 46. Ke3 g4
47. Kd4 Bb5 48. c4 Bd7 49. b5 Kf4 50. b6 Bc6 51. b4 Kf5 52. b5 Ba8 53. c5 e3 54.
fxe3 Bxg2 55. c6 Bf3 56. b7 1-0

[Event "Druzynowe Mistrzostwa Polski Juniorow - I Liga 2023"]
[Site "Lublin"]
[Date "1899-12-30"]
[Round "5.43"]
[White "Lochinski, Pawel"]
[Black "Malik, Maciej"]
[Result "0-1"]
[WhiteTitle "I"]
[BlackTitle "k"]
[WhiteElo "1709"]
[BlackElo "2045"]

1. e4 c5 2. Nf3 Nc6 3. d4 cxd4 4. Nxd4 e6 5. Nc3 Qc7 6. Be3 a6 7. Be2 Nf6 8. O-O
Bb4 9. Na4 O-O 10. Nxc6 bxc6 11. Qd4 Bd6 12. h3 Rb8 13. Qd3 Bf4 14. Bc5 d6 15.
Ba3 Rd8 16. g3 Bh6 17. f4 e5 18. f5 d5 19. exd5 e4 20. Qd1 Qxg3+ 0-1

[Event "Druzynowe Mistrzostwa Polski Juniorow - I Liga 2023"]
[Site "Lublin"]
[Date "1899-12-30"]
[Round "5.44"]
[White "Kotowicz, Kamil"]
[Black "Grzebieniowski, Michal"]
[Result "0-1"]
[WhiteTitle "I"]
[BlackTitle "I"]
[WhiteElo "1814"]
[BlackElo "1603"]

1. d4 c5 2. d5 e6 3. e4 exd5 4. exd5 d6 5. Nc3 Nf6 6. Nf3 Be7 7. Be2 O-O 8. O-O
Na6 9. Bxa6 bxa6 10. Nd2 Bf5 11. Re1 Re8 12. Nc4 Qd7 13. Bf4 h6 14. h3 Bf8 15.
Qf3 Rad8 16. Rxe8 Nxe8 17. Re1 Bxc2 18. Qg3 Bg6 19. h4 Nf6 20. Qf3 Qf5 21. Ne3
Qd7 22. g4 Re8 23. Rd1 Qb7 24. b3 Qb4 25. Rc1 Qd4 26. Nf5 Bxf5 27. gxf5 Ne4 28.
Re1 Nf6 29. Rc1 Nd7 30. Qg3 Qf6 31. Qh3 Nb6 32. Qg3 Rd8 33. Re1 Qxf5 34. Bxh6
Nxd5 35. Ne4 Re8 36. f3 Re6 37. Bg5 Nb4 38. a3 Nd3 39. Rd1 Ne5 40. Kg2 Nxf3 41.
Nf6+ Rxf6 42. Bxf6 Qc2+ 43. Kxf3 Qxd1+ 44. Kg2 Qe2+ 45. Kh3 Qe6+ 0-1

[Event "Druzynowe Mistrzostwa Polski Juniorow - I Liga 2023"]
[Site "Lublin"]
[Date "1899-12-30"]
[Round "5.45"]
[White "Adamczyk, Kacper"]
[Black "Pycinski, Wladyslaw"]
[Result "0-1"]
[WhiteTitle "II"]
[BlackTitle "I"]
[WhiteElo "1277"]
[BlackElo "1927"]

1. e4 c5 2. Nf3 g6 3. d4 cxd4 4. Nxd4 Nc6 5. c4 Nf6 6. Nc3 d6 7. Be2 Nxd4 8. Qxd4
Bg7 9. Qd1 O-O 10. Be3 a5 11. O-O a4 12. Nxa4 Nxe4 13. Nb6 Rb8 14. Bd4 e5 15.
Be3 Be6 16. Nd5 f5 17. Bb6 Qd7 18. f3 Nf6 19. Bc7 Nxd5 20. Bxb8 Nf4 21. Ba7 b5
22. cxb5 Qxa7+ 23. Kh1 d5 24. a4 Qa5 25. g3 Nxe2 26. Qxe2 d4 27. Qe1 Qxe1 28.
Rfxe1 Bd5 29. a5 e4 30. fxe4 fxe4 31. a6 e3+ 32. Kg1 d3 33. b6 Bd4 0-1

[Event "Druzynowe Mistrzostwa Polski Juniorow - I Liga 2023"]
[Site "Lublin"]
[Date "1899-12-30"]
[Round "5.46"]
[White "Czeremcha, Piotr"]
[Black "Modzelan, Wojciech"]
[Result "1-0"]
[WhiteTitle "II"]
[BlackTitle "II"]
[WhiteElo "1442"]
[BlackElo "1091"]

1. e4 c5 2. Nf3 d6 3. d4 cxd4 4. Nxd4 Nf6 5. Nc3 a6 6. f3 e5 7. Nb3 Be6 8. Be3
Be7 9. Be2 O-O 10. O-O Nc6 11. Nd5 Bxd5 12. exd5 Na7 13. a4 a5 14. Qd2 b6 15.
Rfd1 Re8 16. Qe1 Qc7 17. c3 Nd7 18. Nd2 Nc5 19. b4 Nd7 20. Nc4 Bf6 21. Qf2 Reb8
22. Ra3 Nc8 23. Rb1 Ne7 24. Rd1 axb4 25. cxb4 b5 26. axb5 Rxa3 27. Nxa3 Qc3 28.
Nc4 Qxb4 29. Qf1 Nf5 30. Bf2 Rxb5 31. Nxe5 Rb7 32. Nc6 Qb2 33. Bd3 Nd4 34. Rb1
Ne2+ 35. Kh1 1-0

[Event "Druzynowe Mistrzostwa Polski Juniorow - I Liga 2023"]
[Site "Lublin"]
[Date "1899-12-30"]
[Round "5.47"]
[White "Ziobrowska, Maja"]
[Black "Tim, Anna"]
[Result "1-0"]
[WhiteTitle "I++"]
[BlackTitle "I"]
[WhiteElo "1759"]
[BlackElo "1254"]

1. e4 c5 2. Nc3 a6 3. g3 b5 4. Bg2 Bb7 5. Nge2 e6 6. d4 cxd4 7. Nxd4 Qc7 8. O-O
Nf6 9. Re1 d6 10. a3 Be7 11. f4 O-O 12. g4 Nc6 13. Nxc6 Bxc6 14. g5 Nd7 15. Be3
f6 16. Qg4 f5 17. Qh5 Rad8 18. Bf2 Nc5 19. Re3 g6 20. Qe2 Rf7 21. Re1 Bf8 22.
h4 d5 23. exd5 exd5 24. Re5 d4 25. Nd5 Qb7 26. Nf6+ Kg7 27. Bxc6 Qxc6 28. h5 d3
29. h6+ Kh8 30. Qd2 Ne4 31. Nxe4 fxe4 32. c3 Re8 33. R1xe4 Rxe5 34. Rxe5 Bd6 35.
Qxd3 Rxf4 36. Rd5 Rg4+ 37. Kf1 Qe8 38. Rxd6 Re4 39. Rd8 Kg8 40. Rxe8+ Rxe8 41.
Qd7 Kf8 42. Qg7# 1-0

[Event "Druzynowe Mistrzostwa Polski Juniorow - I Liga 2023"]
[Site "Lublin"]
[Date "1899-12-30"]
[Round "5.48"]
[White "Kochanowska, Patrycja"]
[Black "Mataczyna, Aleksandra"]
[Result "1/2-1/2"]
[WhiteTitle "I+"]
[BlackTitle "I"]
[WhiteElo "1454"]
[BlackElo "1166"]

1. e4 e5 2. Nf3 Nc6 3. Bb5 a6 4. Ba4 Nf6 5. O-O d6 6. Re1 Be7 7. c3 O-O 8. h3 b5
9. Bc2 Re8 10. b3 Bb7 11. Bb2 Qd7 12. d4 Bf8 13. Nbd2 b4 14. Nc4 bxc3 15. Bxc3
exd4 16. Nxd4 Nxd4 17. Qxd4 c5 18. Qd2 Nxe4 19. Bxe4 Bxe4 20. Nb6 Qc6 21. Nxa8
Rxa8 22. Qg5 h6 23. Qg4 Bg6 24. Rac1 Qb6 25. b4 d5 26. a3 d4 27. bxc5 Bxc5 28.
Bb4 Bxb4 29. axb4 f5 30. Qf3 Rd8 31. Qc6 Qxc6 32. Rxc6 Bf7 33. Rxa6 d3 34. Rd1
d2 35. Ra3 Bc4 36. Raa1 Be2 37. f3 Bxd1 38. Rxd1 Rb8 39. Rxd2 Rxb4 40. Rd5 f4
41. Kh2 Kf7 42. Rd6 Rc4 43. h4 h5 44. Kh3 Rc1 45. Kh2 Rc4 46. Rd5 g6 1/2-1/2

[Event "Druzynowe Mistrzostwa Polski Juniorow - I Liga 2023"]
[Site "Lublin"]
[Date "1899-12-30"]
[Round "5.49"]
[White "Kubik, Rafal"]
[Black "Stypka, Sebastian"]
[Result "1-0"]
[WhiteTitle "I++"]
[BlackTitle "II"]
[WhiteElo "2055"]
[BlackElo "1447"]

1. e4 e5 2. Nf3 Nf6 3. Nxe5 d6 4. Nf3 Nxe4 5. Nc3 Nxc3 6. dxc3 Be7 7. Be3 O-O 8.
Qd2 Nd7 9. O-O-O c6 10. Kb1 d5 11. h4 Re8 12. h5 Nf6 13. Bd3 Bg4 14. Rdg1 Bxh5
15. Bxh7+ Kxh7 16. g4 Kg8 17. gxh5 Ne4 18. Qd3 Bf6 19. Nd2 Qe7 20. a3 Rad8 21.
Rg4 c5 22. Nxe4 dxe4 23. Qc4 b6 24. h6 Qe6 25. Qxe6 Rxe6 26. hxg7 Bxg7 27. Rhg1
Rg6 28. Rxg6 fxg6 29. Rxg6 Kf7 30. Rg4 Re8 31. c4 Re6 32. c3 Bf8 33. Kc2 Bd6 34.
b4 Be7 35. Kb3 Re5 36. Rg1 Rh5 37. Rg4 Re5 38. bxc5 bxc5 39. Ka4 Re6 40. Ka5 a6
41. Rg1 Rc6 42. Rd1 Bf6 43. Rd5 Bxc3+ 44. Ka4 Be1 45. Rxc5 Re6 46. Rd5 Bc3 47.
Kb3 Be1 48. Rd7+ Ke8 49. Rd1 Ba5 50. c5 Bc7 51. Kc4 Re7 52. Rd4 Rh7 53. Rxe4+
Kd7 54. Rg4 Rh1 55. Rg6 a5 56. c6+ Ke8 57. Rg7 Rh4+ 58. Kb5 Rh5+ 59. Ka6 a4 60.
Rxc7 1-0

[Event "Druzynowe Mistrzostwa Polski Juniorow - I Liga 2023"]
[Site "Lublin"]
[Date "1899-12-30"]
[Round "5.50"]
[White "Walaszczyk, Mikolaj"]
[Black "Piechota, Kamil"]
[Result "1/2-1/2"]
[WhiteTitle "II"]
[BlackTitle "I"]
[WhiteElo "1476"]
[BlackElo "1685"]

1. d4 d5 2. Nf3 Nf6 3. c4 c6 4. Nc3 g6 5. Bf4 Bg7 6. e3 Nbd7 7. h3 O-O 8. c5 Re8
9. Be2 Ne4 10. O-O e5 11. Bh2 exd4 12. exd4 b6 13. cxb6 Qxb6 14. Na4 Qa5 15. Rc1
Nb6 16. Nxb6 Qxb6 17. Rc2 h5 18. Ne5 Bxe5 19. Bxe5 f6 20. Bf4 Ng5 21. Bxg5 fxg5
22. Bd3 Kg7 23. Qf3 Bd7 24. Rd1 g4 25. Qf4 Qb8 26. Qxb8 Raxb8 27. hxg4 Bxg4 28.
f3 Bd7 29. Kf2 Rb4 30. Bf1 Bf5 31. Rcd2 Reb8 32. b3 a5 33. Rc1 Bd7 34. Be2 Kf6
35. Rc5 a4 36. Bd1 axb3 37. Bxb3 R8b5 38. Rxb5 Rxb5 39. Rc2 Rb6 40. Rc5 Rb4 41.
Ke3 Kg5 42. g3 h4 43. gxh4+ Kxh4 44. Rc1 Kg5 45. Rg1+ 1/2-1/2

[Event "Druzynowe Mistrzostwa Polski Juniorow - I Liga 2023"]
[Site "Lublin"]
[Date "1899-12-30"]
[Round "5.51"]
[White "Niesporek, Franciszek"]
[Black "Zmarzly, Wiktor"]
[Result "0-1"]
[WhiteTitle "I"]
[BlackTitle "I+"]
[WhiteElo "1644"]
[BlackElo "1818"]

1. e4 c5 2. Nf3 Nc6 3. d4 cxd4 4. Nxd4 Nf6 5. Nc3 d6 6. Bg5 Qb6 7. Nb3 e6 8. Bf4
Ne5 9. Be3 Qc7 10. f4 Nc6 11. g4 d5 12. e5 Nd7 13. Qd2 Be7 14. O-O-O a6 15. Kb1
b5 16. Bd3 Nb6 17. Qf2 Nc4 18. Bc5 Bb7 19. Bxe7 Qxe7 20. Rhf1 N6a5 21. Ne2 Rc8
22. Ned4 Nc6 23. Nxc6 Bxc6 24. Nd4 Bd7 25. f5 Nxe5 26. fxe6 Bxe6 27. Nf5 Nxd3
28. Rxd3 Bxf5 29. Qxf5 O-O 30. Qxd5 Rfd8 31. Qf5 g6 32. Rxd8+ Rxd8 33. Qf2 Rd7
34. Re1 Qd8 35. Qe2 Rd2 36. Qf3 Qc7 37. Qe4 Qd6 38. a3 Rxh2 39. Qe8+ Kg7 40. Qc8
Rd2 41. Qc3+ Qd4 42. Qc6 Rd1+ 43. Rxd1 Qxd1+ 44. Ka2 Qxg4 45. Qxa6 Qc4+ 46. Kb1
h5 47. b3 Qd5 48. a4 bxa4 49. Qxa4 g5 50. c4 Qf5+ 51. Ka2 g4 52. Qa7 g3 53. Qd4+
f6 54. Ka3 Qa5+ 55. Kb2 Qe5 0-1

[Event "Druzynowe Mistrzostwa Polski Juniorow - I Liga 2023"]
[Site "Lublin"]
[Date "1899-12-30"]
[Round "5.52"]
[White "Staniczek, Kacper"]
[Black "Karwot, Marek"]
[Result "1-0"]
[WhiteTitle "I"]
[BlackTitle "II+"]
[WhiteElo "1398"]
[BlackElo "1594"]

1. e4 e5 2. Nf3 Nc6 3. Nc3 Nf6 4. Bb5 Nd4 5. Ba4 c6 6. d3 Bc5 7. h3 d6 8. O-O a5
9. a3 O-O 10. Nxd4 Bxd4 11. Ne2 Bb6 12. Ng3 d5 13. Qf3 Qd6 14. Re1 h6 15. Bb3
a4 16. Ba2 Ba5 17. c3 d4 18. Bd2 dxc3 19. Bxc3 c5 20. Red1 g6 21. Qe3 Kg7 22.
Ne2 Bxc3 23. bxc3 Be6 24. Bxe6 fxe6 25. d4 cxd4 26. cxd4 Rfd8 27. Rab1 Rab8 28.
dxe5 Qxd1+ 29. Rxd1 Rxd1+ 30. Kh2 Ng8 31. Nc3 Rdd8 32. Nxa4 b5 33. Nc5 Re8 34.
Nxe6+ Kh8 35. Qa7 Rxe6 36. Qxb8 Kg7 37. Qxb5 Ne7 38. a4 g5 39. a5 Nc6 40. a6 1-0

[Event "Druzynowe Mistrzostwa Polski Juniorow - I Liga 2023"]
[Site "Lublin"]
[Date "1899-12-30"]
[Round "5.53"]
[White "Bugaj, Hanna"]
[Black "Lach, Alicja"]
[Result "1-0"]
[WhiteTitle "I++"]
[BlackTitle "I"]
[WhiteElo "1657"]
[BlackElo "1164"]

1. d4 Nf6 2. Nf3 d5 3. c4 e6 4. Nc3 Nbd7 5. Bg5 Be7 6. cxd5 exd5 7. e3 c6 8. Bd3
O-O 9. Qc2 Re8 10. h3 Nf8 11. O-O Nh5 12. Bxe7 Qxe7 13. Rab1 Qf6 14. Ne5 Qg5 15.
Kh2 Qh6 16. b4 Nf6 17. Ne2 Ng4+ 18. Nxg4 Bxg4 19. b5 Rac8 20. Qb3 Bxe2 21. Bxe2
Qd6+ 22. Kg1 Re7 23. Bf3 Rd8 24. Qa4 c5 25. dxc5 Qxc5 26. Rbc1 Qb6 27. Rfd1 Red7
28. Bg4 Rd6 29. Qb4 d4 30. exd4 Rxd4 31. Rxd4 Rxd4 32. Rc4 Rxc4 33. Qxc4 g6 34.
a4 Qa5 35. g3 Qe1+ 36. Kg2 Qe7 37. a5 b6 38. a6 Kg7 39. Qc6 Ne6 40. Qb7 Kf6 41.
Qa8 Kg7 42. Qd5 Nc5 43. Bf3 Qe8 44. Qd4+ Kg8 45. Bc6 Qe6 46. Qd8+ Kg7 47. Qc7
Nd3 48. Qxa7 Qe2 49. Qxb6 Ne1+ 50. Kh2 Nd3 51. Qe3 Qf1 52. Bg2 1-0

[Event "Druzynowe Mistrzostwa Polski Juniorow - I Liga 2023"]
[Site "Lublin"]
[Date "1899-12-30"]
[Round "5.54"]
[White "Moczala, Maja"]
[Black "Rduch, Diana"]
[Result "1-0"]
[WhiteTitle "I++"]
[BlackTitle "I"]
[WhiteElo "1651"]
[BlackElo "1129"]

1. e4 e5 2. Nf3 Nc6 3. Nc3 Nf6 4. d4 exd4 5. Nxd4 Bb4 6. Nxc6 bxc6 7. Bd3 O-O 8.
O-O Bxc3 9. bxc3 Re8 10. Qf3 d6 11. h3 Nd7 12. Bd2 Ne5 13. Qg3 d5 14. exd5 cxd5
15. Rfe1 Nxd3 16. Rxe8+ Qxe8 17. cxd3 c6 18. Re1 Qd8 19. Bh6 g6 20. Qf4 Bd7 21.
Bg5 Qf8 22. Bh6 Qd8 23. Qd6 Bf5 24. Re8+ Qxe8 25. Qf6 Qf8 26. Bxf8 Rxf8 27. d4
Be6 28. Qe7 Rb8 29. Qxa7 Rb1+ 30. Kh2 Rf1 31. f3 Rf2 32. a4 Ra2 33. a5 Ra4 34.
a6 Kg7 35. Qb7 h5 36. a7 Rxa7 37. Qxa7 h4 38. Qc7 g5 39. Qxc6 Kg8 40. c4 dxc4
41. d5 Bf5 42. d6 c3 43. d7 Bxd7 44. Qxd7 c2 45. Qc8+ Kg7 46. Qxc2 1-0

[Event "Druzynowe Mistrzostwa Polski Juniorow - I Liga 2023"]
[Site "Lublin"]
[Date "1899-12-30"]
[Round "5.55"]
[White "Kozlowski, Franciszek"]
[Black "Serewa, Antoni"]
[Result "0-1"]
[WhiteTitle "I+"]
[BlackTitle "I"]
[WhiteElo "1900"]
[BlackElo "1695"]

1. d4 Nf6 2. c4 g6 3. Nf3 Bg7 4. g3 O-O 5. Bg2 d6 6. O-O c5 7. d5 b5 8. cxb5 a6
9. bxa6 Bxa6 10. Nc3 Nbd7 11. h3 Qb6 12. Qc2 Rfb8 13. Rb1 Bc4 14. Nd2 Ba6 15.
b3 Qa5 16. a3 Ne8 17. Bb2 Nc7 18. Rfc1 Nb5 19. Nc4 Qd8 20. Nxb5 Bxb2 21. Rxb2
Bxb5 22. Ra1 Bxc4 23. Qxc4 Qa5 24. Be4 Rb4 25. Qc2 Nf6 26. Bd3 Rab8 27. Rab1 R4b6
28. Bc4 Ra8 29. Ra2 Qa7 30. Qd3 Qb7 31. a4 Ra5 32. e4 Rb4 33. Re1 Nd7 34. f4 Nb6
35. Bb5 Rbxb5 36. e5 Qxd5 37. Qxd5 Nxd5 38. Rd2 Rxb3 39. Rxd5 Rxa4 40. exd6 exd6
41. Rxd6 Rxg3+ 42. Kh2 Raa3 43. Re8+ Kg7 44. f5 Rxh3+ 45. Kg2 Rhg3+ 46. Kh2 Rgf3
47. fxg6 Ra2+ 48. Kg1 hxg6 49. Rc8 Rc2 50. Rdd8 c4 51. Rg8+ 0-1

[Event "Druzynowe Mistrzostwa Polski Juniorow - I Liga 2023"]
[Site "Lublin"]
[Date "1899-12-30"]
[Round "5.56"]
[White "Rzenca, Jerzy"]
[Black "Duda, Szymon"]
[Result "1/2-1/2"]
[WhiteTitle "I"]
[BlackTitle "I+"]
[WhiteElo "1710"]
[BlackElo "1928"]

1. c4 e5 2. g3 Nf6 3. Bg2 g6 4. Nc3 Bg7 5. e4 Nc6 6. Nge2 d6 7. O-O O-O 8. d3 Be6
9. Nd5 Qd7 10. Bg5 Nh5 11. Qd2 Nd4 12. Nxd4 exd4 13. Bf3 Bxd5 14. cxd5 Nf6 15.
Qb4 Ng4 16. Rac1 Ne5 17. Be2 c5 18. dxc6 bxc6 19. Bf4 c5 20. Qa3 Nc6 21. Bd1 Nb4
22. Bd2 a5 23. Bxb4 axb4 24. Qb3 Qe6 25. Qxe6 fxe6 26. Bb3 Kf7 27. Rfe1 Rac8 28.
f4 Ke7 29. Rc2 e5 30. fxe5 dxe5 31. Rf1 1/2-1/2

[Event "Druzynowe Mistrzostwa Polski Juniorow - I Liga 2023"]
[Site "Lublin"]
[Date "1899-12-30"]
[Round "5.57"]
[White "Lapczynski, Jacek"]
[Black "Morozov, Artem"]
[Result "1/2-1/2"]
[WhiteTitle "II"]
[BlackTitle "II+"]
[WhiteElo "1222"]
[BlackElo "1370"]

1. d4 d5 2. Nf3 Nf6 3. c4 e6 4. Nc3 c5 5. e3 Nbd7 6. cxd5 exd5 7. Bd3 b6 8. O-O
Be7 9. Bc2 O-O 10. a4 Bb7 11. Re1 Rc8 12. e4 dxe4 13. Nxe4 cxd4 14. Nxd4 Nc5 15.
Nxc5 Bxc5 16. Nb5 Qxd1 17. Bxd1 Ne4 18. Be3 Bxe3 19. Rxe3 a6 20. Bf3 axb5 21.
Bxe4 Bxe4 22. Rxe4 bxa4 23. Rexa4 Rc2 24. Rb4 Rfc8 25. g3 Rc1+ 26. Rxc1 Rxc1+
27. Kg2 Rc6 28. Kf3 Kf8 29. Ke3 Ke7 30. Rd4 Rc2 31. Rb4 Rc6 32. Rd4 1/2-1/2

[Event "Druzynowe Mistrzostwa Polski Juniorow - I Liga 2023"]
[Site "Lublin"]
[Date "1899-12-30"]
[Round "5.58"]
[White "Koziel, Leon"]
[Black "Chmiel, Krzysztof"]
[Result "0-1"]
[WhiteTitle "III"]
[BlackTitle "II"]
[WhiteElo "1008"]
[BlackElo "1298"]

1. e4 e5 2. Bc4 Nf6 3. d3 Nc6 4. Nf3 Bc5 5. O-O d6 6. c3 Bb6 7. h3 Be6 8. Nbd2
h6 9. b4 a6 10. Bxe6 fxe6 11. Nc4 Ba7 12. Be3 Qe7 13. a4 Bxe3 14. Nxe3 O-O 15.
b5 Nd8 16. c4 Nf7 17. Rb1 a5 18. Qe2 b6 19. Nc2 Nh5 20. d4 Nf4 21. Qe3 Ng5 22.
Nxg5 Qxg5 23. Ne1 exd4 24. Qf3 e5 25. Qg4 Qxg4 26. hxg4 Ne2+ 27. Kh2 Nc3 28. Ra1
Nxe4 29. Nf3 Rf4 30. Kh3 Kf7 31. Ra3 Ng5+ 32. Nxg5+ hxg5 33. Kg3 Rh8 34. Rf3 Ke6
35. Rxf4 gxf4+ 36. Kf3 g5 37. Ke4 Rh2 38. g3 fxg3 39. fxg3 Ra2 40. Rf5 Ra3 41.
Rxg5 Re3# 0-1

[Event "Druzynowe Mistrzostwa Polski Juniorow - I Liga 2023"]
[Site "Lublin"]
[Date "1899-12-30"]
[Round "5.59"]
[White "Slusarczyk, Anna"]
[Black "Giemza, Julia"]
[Result "1/2-1/2"]
[WhiteTitle "I++"]
[BlackTitle "I+"]
[WhiteElo "1735"]
[BlackElo "1577"]

1. d4 Nf6 2. Nf3 e6 3. c4 b6 4. a3 Bb7 5. Nc3 d5 6. Bg5 Nbd7 7. e3 Be7 8. cxd5
Nxd5 9. Nxd5 Bxd5 10. Bxe7 Qxe7 11. Bd3 c5 12. dxc5 Qxc5 13. O-O O-O 14. Rc1 Qd6
15. Bc2 Qe7 16. Bb3 Nf6 17. Nd4 Rfd8 18. Bxd5 Rxd5 19. Qa4 g6 20. Rc2 e5 21. Nf3
Rad8 22. Rc3 Kg7 23. h3 R8d7 24. Rfc1 Ne8 25. Qc2 R5d6 26. Rc8 Nf6 27. Rc7 Ne8
28. Rc8 Nf6 1/2-1/2

[Event "Druzynowe Mistrzostwa Polski Juniorow - I Liga 2023"]
[Site "Lublin"]
[Date "1899-12-30"]
[Round "5.60"]
[White "Opala, Natalia"]
[Black "Slusarczyk, Agnieszka"]
[Result "1/2-1/2"]
[WhiteTitle "I"]
[BlackTitle "I"]
[WhiteElo "1202"]
[BlackElo "1400"]

1. e4 e6 2. d4 d5 3. e5 c5 4. c3 Nc6 5. Nf3 Qb6 6. a3 c4 7. Qc2 Na5 8. Nbd2 Bd7
9. Be2 Ne7 10. O-O Qc7 11. h3 Nc8 12. Qd1 Nb6 13. Qe1 h6 14. Bd1 g5 15. Qe3 Rg8
16. Nh2 Be7 17. Bh5 Rg7 18. Ng4 Rh7 19. Qf3 O-O-O 20. Rb1 Ba4 21. Ne3 Rf8 22.
Bg4 f5 23. exf6 Rxf6 24. Qe2 Kb8 25. Nf3 Bd6 26. Bh5 Nd7 27. Ng4 Rf8 28. Bd2 Bc2
29. Qxe6 Bxb1 30. Rxb1 Nb6 31. Nge5 Bxe5 32. Nxe5 Nc6 33. Ng6 Rff7 1/2-1/2

[Event "Druzynowe Mistrzostwa Polski Juniorow - I Liga 2023"]
[Site "Lublin"]
[Date "1899-12-30"]
[Round "6.1"]
[White "Wnek, Filip"]
[Black "Jedraszek, Pawel"]
[Result "0-1"]
[WhiteTitle "I++"]
[BlackTitle "I++"]
[WhiteElo "2057"]
[BlackElo "2057"]

1. e4 c5 2. Nf3 e6 3. d4 cxd4 4. Nxd4 Nc6 5. Nxc6 bxc6 6. Bd3 d5 7. O-O Nf6 8.
e5 Nd7 9. Re1 Qc7 10. Bf4 Be7 11. Qg4 g5 12. Bd2 Nxe5 13. Qg3 f6 14. Be2 h5 15.
f4 Bc5+ 16. Kh1 Ng4 17. Bxg4 hxg4 18. c4 gxf4 19. Bxf4 e5 20. cxd5 cxd5 21. Nc3
Be6 22. Qd3 Kf7 23. Bg3 Rad8 24. Rac1 Qd7 25. Rf1 Kg7 26. Na4 Bd6 27. Nc5 Bxc5
28. Rxc5 Rc8 29. Ra5 Rhf8 30. Qe3 Rf7 31. Bh4 Kg6 32. Qd3+ Bf5 33. Qd1 Be4 34.
Ra6 Rc2 35. Raxf6+ Rxf6 36. Rxf6+ Kg7 37. Rf2 Rxf2 38. Bxf2 d4 39. Bg3 Qf5 40.
Kg1 Bd5 41. Qe2 Kf6 42. Bh4+ Kf7 43. Bg3 Qb1+ 44. Kf2 e4 45. Be5 e3+ 46. Kg3 Qe4
47. Bf4 Kf6 48. Qa6+ Bc6 49. Qe2 a6 50. a4 a5 51. b3 Bb7 52. h3 gxh3 53. gxh3
Qh1 54. Bxe3 dxe3 55. Qxe3 Qg2+ 56. Kh4 Qe4+ 57. Qxe4 Bxe4 58. Kg3 Ke5 59. Kf2
Kd4 60. Ke1 Kc3 61. Kd1 Kb2 62. Kd2 Bc2 63. b4 axb4 64. a5 Be4 65. Ke3 Kc3 66.
Kxe4 b3 67. Kd5 b2 68. Kc6 b1=Q 69. a6 Qb8 0-1

[Event "Druzynowe Mistrzostwa Polski Juniorow - I Liga 2023"]
[Site "Lublin"]
[Date "1899-12-30"]
[Round "6.2"]
[White "Ugorek, Kacper"]
[Black "Rainer, Piotr"]
[Result "1-0"]
[WhiteTitle "I"]
[BlackTitle "I"]
[WhiteElo "1846"]
[BlackElo "1727"]

1. e4 c5 2. Nf3 Nc6 3. d4 cxd4 4. Nxd4 e5 5. Nb5 d6 6. N1c3 a6 7. Na3 b5 8. Nd5
Nce7 9. c4 Nxd5 10. exd5 bxc4 11. Nxc4 Be7 12. Be3 Rb8 13. Be2 Nf6 14. a4 O-O
15. O-O Nd7 16. a5 f5 17. f3 Qe8 18. Nb6 Bb7 19. Bc4 f4 20. Bf2 Rf6 21. Qa4 Rd8
22. Nxd7 Rxd7 23. Bd3 Bxd5 24. Bxa6 Rh6 25. Rfd1 Bxf3 26. gxf3 Qg6+ 27. Kh1 Qh5
28. Qb3+ d5 29. Bg1 Rxa6 30. Rxd5 Rxd5 31. Qxd5+ Kf8 32. Bc5 Bxc5 33. Qxc5+ Kf7
34. Qd5+ Kf6 35. b4 Qe8 36. b5 Re6 37. a6 e4 38. a7 exf3 39. Qxe6+ Qxe6 40. Ra6
1-0